Documents on North-East India: (Record no. 17739)

MARC details
000 -LEADER
fixed length control field 02955nam a22004217a 4500
005 - DATE AND TIME OF LATEST TRANSACTION
control field 20081102225634.0
008 - FIXED-LENGTH DATA ELEMENTS--GENERAL INFORMATION
fixed length control field 081102t xxu||||| |||| 00| 0 eng d
010 ## - LIBRARY OF CONGRESS CONTROL NUMBER
LC control number ENG-84419-429
020 ## - INTERNATIONAL STANDARD BOOK NUMBER
International Standard Book Number 8183240860
020 ## - INTERNATIONAL STANDARD BOOK NUMBER
International Standard Book Number 8183240879
020 ## - INTERNATIONAL STANDARD BOOK NUMBER
International Standard Book Number 8183240887
020 ## - INTERNATIONAL STANDARD BOOK NUMBER
International Standard Book Number 8183240909
020 ## - INTERNATIONAL STANDARD BOOK NUMBER
International Standard Book Number 8183240917
020 ## - INTERNATIONAL STANDARD BOOK NUMBER
International Standard Book Number 8183240925
020 ## - INTERNATIONAL STANDARD BOOK NUMBER
Terms of availability 750.00 (hb)
035 ## - SYSTEM CONTROL NUMBER
System control number EN-67952-962
082 ## - DEWEY DECIMAL CLASSIFICATION NUMBER
Classification number 954.5 / DOC
245 ## - TITLE STATEMENT
Title Documents on North-East India:
Remainder of title an exhaustive survey /
Statement of responsibility, etc edited by S K Sharma and Usha Sharma
260 ## - PUBLICATION, DISTRIBUTION, ETC. (IMPRINT)
Place of publication, distribution, etc New Delhi
Name of publisher, distributor, etc Mittal Publications
260 ## - PUBLICATION, DISTRIBUTION, ETC. (IMPRINT)
Date of publication, distribution, etc 2006
300 ## - PHYSICAL DESCRIPTION
Extent 11 v. (xii,271p, xii,267p, xii,444p, xii,396p, xiii,418p, xii,272p, xii,163p, xiii,210p, xiv,446p, xiii,230p, xii,175p)
Dimensions 22cm
500 ## - GENERAL NOTE
General note Includes bibliographical references and index
505 ## - FORMATTED CONTENTS NOTE
Formatted contents note Set of 11 volume
700 ## - ADDED ENTRY--PERSONAL NAME
Personal name Sharma, S K
Titles and other words associated with a name ed
700 ## - ADDED ENTRY--PERSONAL NAME
Personal name Sharma, Usha
Titles and other words associated with a name ed
942 ## - ADDED ENTRY ELEMENTS (KOHA)
Source of classification or shelving scheme Dewey Decimal Classification
Koha item type English Books
Classification part 954.5
Call number suffix DOC
Holdings
Withdrawn status Lost status Source of classification or shelving scheme Materials specified (bound volume or other part) Damaged status Use restrictions Not for loan Home library Current library Date acquired Cost, normal purchase price Total Checkouts Full call number Barcode Date last seen Copy number Cost, replacement price Price effective from Koha item type Public note Collection code
    Dewey Decimal Classification v.1     Not For Loan D.B.Act.Division D.B.Act.Division 05/03/2007 750.00   954.5 DOC EN-67952 04/11/2008 1 750.00 04/11/2008 English Books 11 volume set  
    Dewey Decimal Classification v.2     Not For Loan D.B.Act.Division D.B.Act.Division 04/11/2008 750.00   954.5 DOC EN-67953 04/11/2008 1 750.00 04/11/2008 English Books 11 volume set Non-fiction
    Dewey Decimal Classification v.3     Not For Loan D.B.Act.Division D.B.Act.Division 04/11/2008 1200.00   954.5 DOC EN-67954 04/11/2008 1 1200.00 04/11/2008 English Books 11 volume set Non-fiction
    Dewey Decimal Classification v.4     Not For Loan D.B.Act.Division D.B.Act.Division 04/11/2008 1000.00   954.5 DOC EN-67955 04/11/2008 1 1000.00 04/11/2008 English Books 11 volume set Non-fiction
    Dewey Decimal Classification v.5     Not For Loan D.B.Act.Division D.B.Act.Division 04/11/2008 1100.00   954.5 DOC EN-67956 04/11/2008 1 1100.00 04/11/2008 English Books   Non-fiction
    Dewey Decimal Classification V.6     Not For Loan D.B.Act.Division D.B.Act.Division 04/11/2008 700.00   954.5 DOC EN-67957 04/11/2008 1 700.00 04/11/2008 English Books 11 volume set Non-fiction
    Dewey Decimal Classification V. 7     Not For Loan D.B.Act.Division D.B.Act.Division 04/11/2008 500.00   954.5 DOC EN-67958 04/11/2008 1 500.00 04/11/2008 English Books 11 volume set Non-fiction
    Dewey Decimal Classification V. 8     Not For Loan D.B.Act.Division D.B.Act.Division 04/11/2008 600.00   954.5 DOC EN-67959 04/11/2008 1 600.00 04/11/2008 English Books 11 volume set Non-fiction
    Dewey Decimal Classification V. 9     Not For Loan D.B.Act.Division D.B.Act.Division 04/11/2008 1200.00   954.5 DOC EN-67960 04/11/2008 1 1200.00 04/11/2008 English Books 11 volume set Non-fiction
    Dewey Decimal Classification V. 10     Not For Loan D.B.Act.Division D.B.Act.Division 04/11/2008 1200.00   954.5 DOC EN-67961 04/11/2008 1 1200.00 04/11/2008 English Books 11 volume set Non-fiction
    Dewey Decimal Classification V. 11     Not For Loan D.B.Act.Division D.B.Act.Division 04/11/2008 500.00   954.5 DOC EN-67962 04/11/2008 1 500.00 04/11/2008 English Books 11 volume set Non-fiction

© Delhi Public Library
Hit Counter
free hit counter